NHL MVP Runner-ups - Statistics

General Stats
  • This quiz has been taken 46 times
    10 since last reset
  • The average score is 34 of 76
Answer Stats
Year Player % Correct
2022 Connor McDavid
100%
2008 Evgeni Malkin
100%
2025 Leon Draisaitl
100%
1986 Mario Lemieux
100%
2024 Nikita Kucherov
100%
2013 Sidney Crosby
100%
2010 Alex Ovechkin
88%
1979 Guy Lafleur
88%
1995 Jaromír Jágr
88%
1996 Mark Messier
88%
2018 Nathan MacKinnon
88%
1991 Wayne Gretzky
88%
2021 Auston Matthews
75%
1977 Bobby Clarke
75%
2011 Daniel Sedin
75%
1957 Jean Béliveau
75%
1947 Milt Schmidt
75%
1971 Phil Esposito
75%
1970 Tony Esposito
75%
1960 Bobby Hull
63%
1931 Eddie Shore
63%
1959 Gordie Howe
63%
2002 Jarome Iginla
63%
1945 Maurice Richard
63%
1992 Patrick Roy
63%
1987 Ray Bourque
63%
1963 Stan Mikita
63%
2012 Steven Stamkos
63%
1974 Bernie Parent
50%
1978 Bryan Trottier
50%
1935 Charlie Conacher
50%
1985 Dale Hawerchuk
50%
1988 Grant Fuhr
50%
1925 Howie Morenz
50%
1934 Lionel Conacher
50%
1980 Marcel Dionne
50%
1997 Paul Kariya
50%
2023 David Pastrňák
38%
1976 Denis Potvin
38%
1994 Dominik Hašek
38%
1993 Doug Gilmour
38%
1962 Doug Harvey
38%
1972 Ken Dryden
38%
1965 Norm Ullman
38%
1954 Red Kelly
38%
1950 Ted Kennedy
38%
1958 Andy Bathgate
25%
1927 Bill Cook
25%
1949 Bill Durnan
25%
1932 Ching Johnson
25%
1936 Hooley Smith
25%
1961 Johnny Bower
25%
1938 Paul Thompson
25%
2014 Ryan Getzlaf
25%
1939 Syl Apps
25%
1929 Ace Bailey
13%
1944 Bill Cowley
13%
1941 Dit Clapper
13%
1943 Doug Bentley
13%
1952 Elmer Lach
13%
1948 Frank Brimsek
13%
1946 Gaye Stewart
13%
1955 Harry Lumley
13%
1981 Mike Liut
13%
2007 Roberto Luongo
13%
1999 Alexei Yashin
0%
1953 Al Rollins
0%
1967 Ed Giacomin
0%
1930 Lionel Hitchman
0%
2003 Markus Näslund
0%
1983 Pete Peeters
0%
1984 Rod Langway
0%
1975 Rogie Vachon
0%
1928 Roy Worters
0%
1924 Sprague Cleghorn
0%
1956 Tod Sloan
0%
No matching quizzes found
Score Distribution
Percent of People with Each Score
Percentile by Number Answered
Your Score History
You have not taken this quiz since the last reset